Chapman Library

Care of the newborn by ten teachers (Record no. 3531)

000 -LEADER
fixed length control field 00344nam a22001217a 4500
020 ## - INTERNATIONAL STANDARD BOOK NUMBER
ISBN 9780340971550
050 ## - LIBRARY OF CONGRESS CALL NUMBER
Classification number RJ 259
100 ## - MAIN ENTRY--AUTHOR NAME
Personal name Hilary Lumsden; Debbie Holmes
245 ## - TITLE STATEMENT
Title Care of the newborn by ten teachers
260 ## - PUBLICATION, DISTRIBUTION, ETC. (IMPRINT)
Place of publication Boca Raton, Fl
Name of publisher CRC Press
Year of publication 2010
300 ## - PHYSICAL DESCRIPTION
Number of Pages 197p.:ill. includes bibliographical references and index
942 ## - ADDED ENTRY ELEMENTS (KOHA)
Koha item type Books
Holdings
Koha item type Collection code Shelving location Accession Number Permanent Location Current Location Date acquired Full call number
BooksReferenceReference4663Chapman LibraryChapman Library2017-04-08RJ 259car


CSUC Chapman Library is a Koha Automated Library.


Contact us: library@csuc.edu.gh.